| 000 | 01991nam a22003017a 4500 | ||
|---|---|---|---|
| 999 |
_c60247 _d60247 |
||
| 003 | Ge_BSU | ||
| 005 | 20230621154008.0 | ||
| 008 | 230621s2011 ge ||||| |||| 00| 0 geo d | ||
| 020 | _a9789941910548 | ||
| 041 | _ageo | ||
| 080 | _a903.1(479.221) კ-57 | ||
| 100 |
_aკიღურაძე, თამაზ _918875 |
||
| 245 |
_aაღმოსავლეთ საქართველოს ნეოლითური და ენეოლითური კულტურები / _cთამაზ კიღურაძე ; [რედ. მედეა მენაბდე ; გამოც. მუშაობდნენ: ნინო ანდრიაშვილი [და სხვ.] ; წინათქმა: ო. ჯაფარიძე, ანტონიო საგონა]. |
||
| 264 |
_aთბილისი : _bსაქ. ეროვნ. მუზეუმი, _c2011. |
||
| 300 |
_a128გვ. : _bტაბ. ; _c29სმ. |
||
| 501 | _a ტაბულები: გვ. 56-125. | ||
| 504 | _aბიბლიოგრ.: გვ. 43-46. | ||
| 520 | _aრეზ. ინგლ. | ||
| 653 | _aაღმოსავლეთ საქართველოს ნეოლითური კულტურა | ||
| 653 | _aაღმოსავლეთ საქართველოს ენეოლითური კულტურა | ||
| 700 |
_aმენაბდე, მედეა _eრედაქტორი _918876 |
||
| 700 |
_aანდრიაშვილი, ნინო. _eგამომცემელი _918620 |
||
| 700 |
_aცოცხალაშვილი, მაგდა _eგამომცემელი _918877 |
||
| 700 |
_aხუციშვილი, ირაკლი. _eგამომცემელი _918878 |
||
| 700 |
_aჯაფარიძე, ო. _eწინათქმა _917556 |
||
| 700 |
_aსაგონა, ანტონიო _eწინათქმა _918879 |
||
| 942 |
_2udc _cBK |
||